000 00374nam a2200145 i 4500
001 bg
100 1 _aŁOŚ, Witold
245 0 _aMateriały do zajęć z geometrii... /
_cWitold Łoś, Kazimierz Zawiślak.
260 _aBydgoszcz,
_c1978.
700 1 _aZAWIŚLAK, Kazimierz
040 _cBPK
041 _apol
942 _cKS
008 s pl f |000 0 pol
999 _c18430
_d18430
856 _uhttp://koha.tu.koszalin.pl/cgi-bin/koha/opac-detail.pl?biblionumber=18430
_yKatalog online BPK